Impactos del blanqueo en las declaraciones juradas a las ganancias, bienes personales y ganancia mínima presunta /

Guardado en:
Autor Principal: Bavera, María Josefina.
Formato: Libro
Idioma:Spanish
Publicado: Ciudad autónoma de Buenos Aires : Errepar, 2017.
Edición:1a. ed.
Materias:
Etiquetas: Agregar Etiqueta
Sin Etiquetas, Sea el primero en etiquetar este registro!
LEADER 00582nam a22001575a 4500
001 DER.der014294
008 191024s2017####ag#####|###|#|######spa||
005 20241113120500.0
245 1 0 |a Impactos del blanqueo en las declaraciones juradas a las ganancias, bienes personales y ganancia mínima presunta /  |c María Josefina Bavera … [et.al.]. 
250 |a 1a. ed. 
260 |a Ciudad autónoma de Buenos Aires :  |b Errepar,  |c 2017. 
300 |a 99 p. 
020 |a 9789870120216 
100 1 |a Bavera, María Josefina. 
650 7 |a DERECHO TRIBUTARIO 
859 |a DERECHO  |b BIB. DERECHO  |h 343.04  |i BAV  |p 009565